000 00661nam a2200217 i 4500
001 115148
003 ES-MaACL
005 20250707062611.0
007 t|
008 070223s1908 sp ||||1| spa d
080 _a821.134.2-32"18"
100 1 _aTrigo, Felipe.
_9111409
245 1 4 _aLas posadas del amor :
_bnovela /
_cde Felipe Trigo ; ilustraciones de Estevan.
260 _aMadrid :
_bEl Cuento Semanal,
_c1908.
300 _a20 p. :
_bil. ;
_c26 cm.
490 1 _aEl cuento semanal ;
_v98
700 1 _aEstevan, Enrique,
_d1849-1927
_948126
830 1 3 _aEl cuento semanal
_v98
_9185957
852 4 _aES-MaACL
_jG-4442(20)
999 _c115148
_d115148